000 00604nam a2200217 a 4500
001 19910
003 CO-ViMGA
008 141112s2004 ck r 000 u spa d
020 _a9706253130
040 _aCO-ViMGA
_bspa
_cCO-ViMGA
082 0 4 _a634.1 F787f
100 1 _aCentro de Estudios Agropecuarios,
245 1 0 _aFrutales tropicales y subtropicales
260 _aMexico :
_bGrupo Ed. IberoAmérica,
_c2001
300 _a138 p.
490 _aAgronegocios
590 _aForma de adquisición : Premio Mincultura
650 1 4 _aFRUTALES
_95926
650 1 4 _aFRUTICULTURA
_93627
942 _2ddc
_cBK
999 _c29032
_d29032